مكتبة جامعة عجلون الوطنية

فهرس بحث المكتبة

Normal view MARC view
  • جزء تبارك -تفسير - القران الكريم

Entry Topical Term

Number of records used in: 1

001 - CONTROL NUMBER

  • control field: 13021

003 - CONTROL NUMBER IDENTIFIER

  • control field: JO-AjAnu

005 - DATE AND TIME OF LATEST TRANSACTION

  • control field: 20230606072402.0

008 - FIXED-LENGTH DATA ELEMENTS

  • fixed length control field: 230606|| aca||aabn | a|a d

040 ## - CATALOGING SOURCE

  • Original cataloging agency: JO-AjAnu
  • Transcribing agency: JO-AjAnu

150 ## - HEADING--TOPICAL TERM

  • Topical term or geographic name entry element: جزء تبارك -تفسير - القران الكريم

670 ## - SOURCE DATA FOUND

  • Source citation: Work cat.: (JO-AjAnu)6699: حجازي، محمود؛ عنى به عبادة فارس الشامي, author 13020, تفسير جزء تبارك من النفسير الواضح